| 000 | 00912nam a2200229 i 4500 | ||
|---|---|---|---|
| 001 | 110783 | ||
| 003 | ES-MaACL | ||
| 007 | t| | ||
| 008 | 070125s1921 sp ||||1| spa d | ||
| 080 | _a340.13 | ||
| 100 | 1 |
_aReichel, Hans. _995956 |
|
| 245 | 1 | 3 |
_aLa ley y la sentencia _b: orientación acerca de la doctrina actual sobre fuentes del derecho y aplicación del último / _cpor Hans Reichel ; traducción directa del alemán por Emilio Miñana Villagrasa. |
| 260 |
_aMadrid : _bHijos de Reus, _c1921. |
||
| 300 |
_aII, 146 p. ; _c23 cm. |
||
| 490 | 1 |
_aBiblioteca jurídica de autores españoles y extranjeros ; _v39 |
|
| 650 | 1 | 4 |
_aDerecho- _xInterpretación _911626 |
| 650 | 1 | 4 |
_aDerecho- _xFuentes. _911622 |
| 700 | 1 |
_aMiñana y Villagrasa, Emilio. _981392 |
|
| 830 | 0 |
_aBiblioteca jurídica de autores españoles y extranjeros ; _v39 _9182228 |
|
| 852 |
_aES-MaACL _jE-3059 |
||
| 999 |
_c110783 _d110783 |
||